ARRUPE JESUIT UNIVERSITY

CORONAVIRUS -STOP THE SPREAD - CLEAN,DISINFECT,COVER

The new marriage law / (Record no. 119754)

MARC details
000 -LEADER
fixed length control field 00792nam a2200253 a 4500
001 - CONTROL NUMBER
control field 2384195
003 - CONTROL NUMBER IDENTIFIER
control field ARRUPE
005 - DATE AND TIME OF LATEST TRANSACTION
control field 20140129162739.0
008 - FIXED-LENGTH DATA ELEMENTS--GENERAL INFORMATION
fixed length control field 841123t19841983ii b 000 0 eng
010 ## - LIBRARY OF CONGRESS CONTROL NUMBER
LC control number 84902181
020 ## - INTERNATIONAL STANDARD BOOK NUMBER
Terms of availability Rs12.00
025 ## - OVERSEAS ACQUISITION NUMBER
Overseas acquisition number I E 47614
040 ## - CATALOGING SOURCE
Original cataloging agency DLC
Transcribing agency DLC
Modifying agency DLC
050 00 - LIBRARY OF CONGRESS CALL NUMBER
Classification number BX1939.M3.L799 1983
300 ## - PHYSICAL DESCRIPTION
Dimensions 19 cm.
100 1# - MAIN ENTRY--PERSONAL NAME
Personal name Lobo, George V.,
Dates associated with a name 1923-
9 (RLIN) 7252
245 14 - TITLE STATEMENT
Title The new marriage law /
Statement of responsibility, etc George V. Lobo.
260 ## - PUBLICATION, DISTRIBUTION, ETC. (IMPRINT)
Place of publication, distribution, etc Bombay :
Name of publisher, distributor, etc St. Paul Publications,
Date of publication, distribution, etc 1983.
300 ## - PHYSICAL DESCRIPTION
Extent 152 p. ;
504 ## - BIBLIOGRAPHY, ETC. NOTE
Bibliography, etc Includes bibliographical references.
520 ## - SUMMARY, ETC.
Summary, etc Interpretation of the New Code of the Canon Law regarding Christian marriage.
650 #0 - SUBJECT ADDED ENTRY--TOPICAL TERM
Topical term or geographic name as entry element Marriage (Canon law)
9 (RLIN) 7253
906 ## - LOCAL DATA ELEMENT F, LDF (RLIN)
a 7
b cbc
c orignew
d 2
e ncip
f 19
g y-gencatlg
942 ## - ADDED ENTRY ELEMENTS (KOHA)
Source of classification or shelving scheme Library of Congress Classification
Koha item type Monograph ( Printed materials)
Holdings
Withdrawn status Lost status Source of classification or shelving scheme Damaged status Not for loan Home library Current library Shelving location Date acquired Total Checkouts Full call number Barcode Date last seen Price effective from Koha item type
    Library of Congress Classification     ARRUPE LIBRARY ARRUPE LIBRARY Main Collection 29/01/2014   BX1939.M3.L799 1983 46412179 22/11/2017 29/01/2014 Monograph ( Printed materials)

 

Arrupe Library. PO Box MP320 Mt Pleasant, Harare, Zimbabwe
263 242 745411|librarian@aju.ac.zw